00307nam a2200121Ia 4500008004100000082001800041100002100059245002300080260002800103300000800131630002300139730002300162100122s9999 xx 000 0 und d b19392a823.08 aHITCHCOCK ALFRED aA MONTH OF MYSTERY bPAN BOOKS LIMITEDc1969 a208 aA MONTH OF MYSTERY aA MONTH OF MYSTERY